000 02299nam a2200469 c 4500
999 _c160605
_d160605
003 BLK
005 20250422175040.0
008 180410b bul|||||r ||||||| ||bul||
010 _aKNG00167886000
020 _a978-619-90117-4-4
040 _aBLK
041 _aBUL
_cBUL
072 7 _2bullib
_aН6201
_xМениджмънт Н
080 _aМетоди на управление. Мениджмънт. Анализи, планиране, ръководство, сътрудничество, контрол, коопериране и др.
_b005.5
_z005.5
080 _aИкономическа психология. Икономическо поведение. Физиологични и психологични елементи. Интереси. Икономически дух
_b330.16
_z330.16
080 _aРъководство (лидерство) и авторитет
_b316.46
_z316.46
100 1 _aРуджери, Паоло А.
_eпърви автор
_9117232
139 _aРуджери, Паоло А.
_bР 91
245 1 0 _aНовите лидери
_bРъководство по лидерство за мениджърите от третото хилядолетие
_cПаоло А. Руджери; прев. от итал. Георги Найденов.
257 _aITA
260 _bДжей Ей Ем Джи Букс
_c2014
_fХасково : Полиграфюг
300 _a217 с.
_c24 см
380 _a0
500 _aОриг. загл. I nuovi condottieri / Paolo A. Ruggeri. - Съдържа и да авт.
650 4 _aЛидерство
_9160414
650 4 _aУправленски труд
_9244358
650 4 _aМениджмънт
_9161870
650 4 _aИкономическо поведение
_9245306
653 _aлидерство
653 _aмениджмънт
653 _aуправленски труд
653 _aикономическо поведение
659 _aН
700 1 _aНайденов, Георги
_eпрев. от итал.
_9334918
852 _aЦб 271611
856 4 _qpdf
856 4 _qpdf
942 _cKNG
_n0
_08
_s1
944 _aCR
_c27.11.2014
_lЦветомила Тодорова
_k30576
944 _aED
_c10.01.2018
_lф /
_kВиолета_Тройчева
999 _d160605